=LDR 00000nam 2200000 4500 =001 NUTBA000000000005234 =005 20141027094221.0 =006 =007 =008 =020 ##$$a 978-602-8872-02-7 =035 ##$$a 0010-101400000000464 =040 ##$$a NBPDMAT =090 ##$$a R. 503 $b Qur e =100 ##$$a Quratulaini =245 ##$$a Ensiklopedia ilmu pengetahuan / $c Quratulaini; editor, Taufik Hendra =250 ##$$a Cet.3 $a Jil. I =260 ##$$a Bandung : $bMultazam Muliua Utama, $c 2012 =300 ##$$a iv, 77 hlm. : $b ilus. ; $c 30 cm. =440 ##$$a Seri Alam semesta =500 ##$$a Bibilografi : hlm. 77 =650 ##$$a SAINS-Ensiklopedi =700 ##$$a Taufik Hendra =850 ##$$a NBPDMAT